| 000 | 00729cam a2200265 i 4500 | ||
|---|---|---|---|
| 001 | 117703 | ||
| 005 | 20230410115435.0 | ||
| 008 | 140910b2013 fr a 000 0 fre | ||
| 020 | _a9782213678108 | ||
| 041 | 0 | _afre | |
| 050 | 1 | 4 |
_aHD 62.4 _bL566f 2013 |
| 100 | 1 | _aLenglet, François. | |
| 245 | 1 | 3 |
_aLa fin de la mondialisation / _cFrançois Lenglet. |
| 260 |
_aParis : _bFayard, _c2013. |
||
| 300 | _a261 p. | ||
| 650 | 7 |
_aMondialisation _y1990-.... |
|
| 650 | 7 |
_aÉconomie politique _y1945-.... |
|
| 650 | 7 | _aÉconomie mondiale. | |
| 650 | 4 |
_aglobalización _y1990-.... |
|
| 650 | 4 | _aEconomía Política | |
| 650 | 0 |
_aGlobalization _y1990-.... |
|
| 650 | 0 | _aPolitical Economy | |
| 942 |
_2lcc _cbk |
||
| 946 | _aYSL | ||
| 999 |
_c41214 _d41214 |
||